The black swan : (Record no. 632)

000 -LEADER
fixed length control field 01375nam a22003617a 4500
001 - CONTROL NUMBER
control field 14531390
003 - CONTROL NUMBER IDENTIFIER
control field OSt
005 - DATE AND TIME OF LATEST TRANSACTION
control field 20210421060714.0
008 - FIXED-LENGTH DATA ELEMENTS--GENERAL INFORMATION
fixed length control field 060901s2007 nyua b 001 0 eng
010 ## - LIBRARY OF CONGRESS CONTROL NUMBER
LC control number 2006051093
020 ## - INTERNATIONAL STANDARD BOOK NUMBER
International Standard Book Number 9781400063512 (acidfree paper)
035 ## - SYSTEM CONTROL NUMBER
System control number (OCoLC)ocm71833470
035 ## - SYSTEM CONTROL NUMBER
System control number (OCoLC)71833470
040 ## - CATALOGING SOURCE
Original cataloging agency DLC
Transcribing agency DLC
Modifying agency BAKER
-- BTCTA
-- GK8
-- OCO
-- C#P
-- IXA
-- YDXCP
-- VP@
-- DLC
041 ## - LANGUAGE CODE
Language code of text/sound track or separate title eng
050 00 - LIBRARY OF CONGRESS CALL NUMBER
Classification number Q375
Item number .T35 2007
080 ## - UNIVERSAL DECIMAL CLASSIFICATION NUMBER
Universal Decimal Classification number 1
Item number T-17
082 00 - DEWEY DECIMAL CLASSIFICATION NUMBER
Classification number 003/.54
Edition number 22
100 1# - MAIN ENTRY--PERSONAL NAME
Personal name Taleb, Nassim Nicholas,
Dates associated with a name 1960-
245 14 - TITLE STATEMENT
Title The black swan :
Remainder of title the impact of the highly improbable /
Statement of responsibility, etc. Nassim Nicholas Taleb.
250 ## - EDITION STATEMENT
Edition statement 1st ed.
260 ## - PUBLICATION, DISTRIBUTION, ETC.
Place of publication, distribution, etc. New York :
Name of publisher, distributor, etc. Random House,
Date of publication, distribution, etc. c2007.
300 ## - PHYSICAL DESCRIPTION
Extent xxviii, 366 p. :
Other physical details ill. ;
Dimensions 25 cm.
365 ## - TRADE PRICE
Price amount 26.95 usd
504 ## - BIBLIOGRAPHY, ETC. NOTE
Bibliography, etc. note Includes bibliographical references (p. [331]-358) and index.
650 #0 - SUBJECT ADDED ENTRY--TOPICAL TERM
Topical term or geographic name entry element Uncertainty (Information theory)
General subdivision Social aspects.
650 #0 - SUBJECT ADDED ENTRY--TOPICAL TERM
Topical term or geographic name entry element Philosophy
9 (RLIN) 282
650 #0 - SUBJECT ADDED ENTRY--TOPICAL TERM
Topical term or geographic name entry element Forecasting.
653 ## - INDEX TERM--UNCONTROLLED
Uncontrolled term ფილოსოფია
906 ## - LOCAL DATA ELEMENT F, LDF (RLIN)
a 7
b cbc
c orignew
d 1
e ocip
f 20
g y-gencatlg
942 ## - ADDED ENTRY ELEMENTS (KOHA)
Source of classification or shelving scheme
Koha item type Books
Edition 1
Holdings
Withdrawn status Lost status Source of classification or shelving scheme Damaged status Not for loan Permanent location Current location Date acquired Inventory number Total Checkouts Full call number Barcode Date last seen Price effective from Koha item type
          Ken Walker International University Ken Walker International University 12/15/2020 818   1 T-17 818 12/15/2020 12/15/2020 Books

Powered by Koha